• 首页
  • 本馆介绍
  • 公告通知
  • 最新文献
  • 馆藏检索
  • 电子资源
  • 读者导购
  • 参考咨询
  • 我的图书馆
  • 登录
  • 详细信息显示
  • 放入我的书架
  • 预约/预借图书
  • 作者相关作品
  • 分类相关作品
  • 丛书相关作品
  • 出版社相关作品

书目信息

  • 表格格式
  • 工作单格式
  • 卡片格式
题名:
投入产出分析:基础与扩展:第二版
    
 
作者: 罗纳德·E.米勒 , 彼得·D.布莱尔 著 ;夏明 , 张红霞 , 林晨 译
分册:  
出版信息: 北京   中国人民大学出版社  2019.04
页数: 622页
开本: 26cm
丛书名:
单 册:
中图分类: F223
科图分类:
主题词: 经济--计算 , 经济数学--方法
电子资源:
ISBN: 7-300-26845-5
000 00934nam0 2200253 450
001 2362964773
005 20230216173227.11
010    @a7-300-26845-5@dCNY98.00
100    @a20230216d2019 km y0chiy0120 ea
101 0  @achi
102    @aCN@b110000
200 1  @a投入产出分析:基础与扩展:第二版@ATou Ru Chan Chu Fen Xi:Ji Chu Yu Kuo Zhan:Di Er Ban@f()罗纳德·E.米勒,()彼得·D.布莱尔著;夏明,张红霞,林晨译@F()Luo Na De·E.Mi Le,()Bi De·D.Bu Lai Er Zhu;Xia Ming,Zhang Hong Xia,Lin Chen Yi
210    @a北京@c中国人民大学出版社@d2019.04
215    @a622页@d26cm
606 0  @a经济@x计算
606 0  @a经济数学@x方法
690    @aF223@v4
701  0 @a罗纳德·E.米勒@ALuo Na De·E.Mi Le@4著
701  0 @a彼得·D.布莱尔@ABi De·D.Bu Lai Er@4著
702  0 @a夏明@AXia Ming@4译
702  0 @a张红霞@AZhang Hong Xia@4译
702  0 @a林晨@ALin Chen@4译
801  0 @aCN@b大连网信软件有限公司图书馆·11@c20230216
905    @aZUCC@dF223@e804
    
    投入产出分析:基础与扩展:第二版/()罗纳德·E.米勒,()彼得·D.布莱尔著;夏明,张红霞,林晨译.-北京:中国人民大学出版社,2019.04
    622页;26cm
    
    
    ISBN 7-300-26845-5:CNY98.00
    
●
相关链接 在E读中查询图书 在五车中查询图书 在当当中查询图书 在豆瓣中查询图书


正题名:投入产出分析:基础与扩展:第二版     索取号:F223/804         预约/预借

序号 登录号 条形码 馆藏地/架位号 状态 备注
1 1052746   210527465   第一样本阅览室/ [索取号:F223/804] 在馆    
唐山师范学院图书馆 欢迎您!
大连网信软件有限公司© 版权所有